LEADER 00991nam a2200241 i 4500 001 000000198411 003 CaOOAMICUS 005 20240516113423.0 008 110308s1972 it u000 u ita u 040 $aSeMil$bita 100 1 $aTheod?rak?s, Mik?s,$d<1925-2021>.$0(OLS)http://semarc/name/71798 245 10$aDiario del carcere /$cMikis Theodorakis. 264 1$aRoma :$bEditori Riuniti,$c1972. 300 $a327 p. ;$c19 cm. 490 1 $aVentesimo secolo ;$v2 650 4$aTheod?rak?s, Mik?s <1925-2021> - Diari e memorie.$0(OLS)http://semarc/subject/55706 830 0$aVentesimo secolo ;$v2.$0(OLS)http://semarc/title/25614 850 $aSeMil 852 $aSeMil$W1$xVenegono$y1$m3J II 474$j248126$B148967$CSeMilBibl$Z2$F166609 $81 961 $aOmaggio: Grampa dott. Cesare 996 $6245$aDiario del carcere$9(OLS)http://semarc/title/200222 996 $6264$aRoma :$bEditori Riuniti$9(OLS)http://semarc/publisher/30240 LEADER 00938nam a2200253 i 4500 001 000000250119 003 CaOOAMICUS 005 20251218095737.0 008 160714n it u000 u lat u 013 $a229024 040 $aSeMil$bita 245 10$aLectionarium ambrosianum vetus. 300 $a56 p. ;$c28 cm. 500 $aTrattasi del ms. L dell'Apparato del Duplex, sec. XI-XII (nota ms. in testa alla tinitolazione) 500 $aTitolo dell'intitolazione 541 0 $aLascito Card. C.M. Martini 650 4$aLibri liturgici - Lezionario ambrosiano.$0(OLS)http://semarc/subject/15852 773 0 $t[Missale ambrosianum.$w()5457 850 $aSeMil 852 $aSeMil$W1$xVenegono$y1$m3K V 85 FA$j200465$B200465$CSeMilBibl$Z2$F212218 $8I 941 1 $a4 961 $aLascito: Martini Card. Carlo Maria 996 $6245$aLectionarium ambrosianum vetus$9(OLS)http://semarc/title/352344